000 00638nam a2200169Ia 4500
003 IN-BaIIA
008 211028s9999 xx 000 0 eng d
040 _cIIA Library
100 _aElhence, D.
_918016
245 0 _aDirectory of scientific research institutuions is India 1992
_bvol. 4
_cD. Elhence and B. K. Sen; compiled by Anand R. L.
260 _aNew Delhi
_bIndian National Scientific Doucmentation Centre
_c1989
300 _a1525-2033p.
650 _aAstronomy and Astrophysics Thesaurus
700 _aAnand, R L., comp.
_918017
700 _aSen, B. K.
_918018
942 _cBK
999 _c10569
_d10569